00906nam a22002297i 450000500170000000800410001702000540005804000250011208200140013724500840015126400630023526400110029830000460030933600210035533700250037633800230040152001480042465000290057265000250060165000230062670000270064920190415114459.0190414t20182018-uka j 000 1 eng d a9781786174789qpaperbackcRM125.90 (set)cRM6.29 aPPAKbengcPPAKerda04a398.222310aThe Story of Princess Haya ♥ The Twelve Brothers /cSenior Editor Becky Miles 1aEssex, United Kingdom :bMiles Kelly Publishing Ltd,c2018 4c©2018 a24 pages :bcolour illustrations ;c21 cm 2rdacontentatext 2rdamediaaunmediated 2rdacarrieravolume aChildren will love these charming princess stories. Both traditional and modern tales are told in a clear and engaging way to encourage reading10aFolk literature, English20aFairy tales, English20aChildren's stories1 aMiles, Becky,eeditor.